00246nam a2200085Ia 4500008004100000082001600041100002200057245005900079300002200138230907s9999||||xx |||||||||||||| ||und|| a370.72bODO aO'Donoghue, T. A. 0aPlanning your qualiative research thesis and project : axiii, 206 pages ;